| 000 | 01077nam a2200277 a 4500 | ||
|---|---|---|---|
| 001 | BRL_1573 | ||
| 005 | 20190320211252.0 | ||
| 008 | 180314s1991----nyuaob####---#000-0#eng-# | ||
| 020 | _a0295971142 | ||
| 041 | _aeng | ||
| 044 | _aeu | ||
| 050 | 4 |
_aE99.K9 _b.C45 1991 |
|
| 245 | 1 | 0 |
_aChiefly Feasts _bthe enduring Kwakiutl potlatch _cedited by Aldona Jonaitis ; with essays by Douglas Cole ... [et al.] ; contributions by Stacy Alyn Marcus, Judith Ostrowitz ; and special editorial help by Peter L. Macnair ; color photographs by Lynton Gardiner. |
| 260 |
_aNew York _bAmerican Museum of Natural History _c1991 |
||
| 300 |
_a300 p. _bil., mapas, fotografías (a color) _c27 cm. |
||
| 500 | _aAu1807 | ||
| 504 | _aBibliografía: p. 289-295 | ||
| 650 | 1 | 4 |
_aKwakiutl _xRitos y ceremonias _927321 |
| 650 | 1 | 4 |
_aPotlatch _xRitos y ceremonias _927322 |
| 650 | 1 | 4 |
_aArte Kwakiutl _927323 |
| 700 | 1 |
_aJonaitis, Aldona _f1948- _eed. _927324 |
|
| 700 | 1 |
_aCole, Douglas _f1938- _eed. _927325 |
|
| 710 | 2 |
_aAmerican Museum of Natural History _927326 |
|
| 902 | _aGRL | ||
| 942 |
_2lcc _cB |
||
| 999 |
_c10382 _d10382 |
||